Kto Zagrał na Euro 2024? #17: NIEMCY - Statystyki

Ogólne statystyki
  • Ten quiz został rozwiązany 122 razy
  • Średni wynik to 9 z 11
Statystyki odpowiedzi
Pozycja Klub Zawodnik % Poprawnych
BR Bayern Manuel Neuer
96%
ŚO Real M. Antonio Rudiger
90%
ŚPO Leverkusen Florian Wirtz
88%
N Arsenal Kai Havertz
88%
ŚP Real M. Toni Kroos
88%
PO Bayern Joshua Kimmich
86%
ŚPO Barcelona Ilkay Gundogan
82%
ŚPO Bayern Jamal Musiala
79%
ŚO Leverkusen Jonathan Tah
77%
ŚP Leverkusen Robert Andrich
62%
LO Stuttgart Maximilian Mittelstadt
43%
Nie znaleziono quizów pasujących do podanych kryteriów
Rozkład punktacji
Procent ludzi z każdym wynikiem
Percentyl według liczby udzielonych odpowiedzi
Twoja historia wyników
Nie rozwiązałeś tego quizu